| 000 | 00687cab a2200253 4500 | ||
|---|---|---|---|
| 001 | WB3511-39 | ||
| 008 | 090401t1999 xxu||||| |||| 00| 0 eng d | ||
| 035 | _a(Sirsi) u92148 | ||
| 041 | _aeng | ||
| 245 | _aTown and country planning-planning permission | ||
| 260 | _c1999 | ||
| 350 | _a0 | ||
| 490 |
_aEstates Gazette Case Summaries _v[1999] EGCS 30 (1) |
||
| 650 | _aCHANGE IN CIRCUMSTANCES | ||
| 650 | _aFOOTBALL STADIUM | ||
| 650 | _aKOHLERDOME CORPORATION LTD | ||
| 650 | _aLUTON TOWN FOOTBALL CLUB | ||
| 650 | _aMOTORWAY | ||
| 650 | _aPLANNING PERMISSION | ||
| 650 | _aREFUSAL | ||
| 690 | _aPLANNING LAW AND PRACTICE-CASE LAW | ||
| 942 | _n0 | ||
| 948 | _c17/03/1999 | ||
| 999 |
_c58421 _d58421 |
||